A case study on pangolin trade in mondulkiri province, ការសិក្សាការជួញដូរសត្វពង្រូលក្នុងខេត្តមណ្ឌលគិរី (Record no. 3367)

000 -LEADER
fixed length control field 00563nam a22001577a 4500
003 - CONTROL NUMBER IDENTIFIER
control field OSt
005 - DATE AND TIME OF LATEST TRANSACTION
control field 20230313171445.0
008 - FIXED-LENGTH DATA ELEMENTS--GENERAL INFORMATION
fixed length control field 151112b xxu||||| |||| 00| 0 eng d
040 ## - CATALOGING SOURCE
Transcribing agency RUA
082 ## - DEWEY DECIMAL CLASSIFICATION NUMBER
Classification number FOR
Edition number MUY 2008 B135 Or.1
100 ## - MAIN ENTRY--PERSONAL NAME
9 (RLIN) 3616
Personal name MUY, THANOEN.
245 ## - TITLE STATEMENT
Title A case study on pangolin trade in mondulkiri province, ការសិក្សាការជួញដូរសត្វពង្រូលក្នុងខេត្តមណ្ឌលគិរី
260 ## - PUBLICATION, DISTRIBUTION, ETC. (IMPRINT)
Place of publication, distribution, etc. Phnom Penh
Name of publisher, distributor, etc. RUA
Date of publication, distribution, etc. 2008
300 ## - PHYSICAL DESCRIPTION
Extent xi; 47p.
Other physical details ill.
Dimensions 29cm.
942 ## - ADDED ENTRY ELEMENTS (KOHA)
Source of classification or shelving scheme
Koha item type FOR
Holdings
Price effective from Date last seen Permanent Location Not for loan Date acquired Source of classification or shelving scheme Koha item type Lost status Withdrawn status Total Renewals Date last checked out Total Checkouts Shelving location Damaged status Barcode Checked out Current Location Full call number
2015-11-122015-11-12Library Block B 2015-11-12 FOR     B135 RUA028205 Library Block BFOR MUY 2008 B135 Or.1
2015-11-122015-11-12Library Block B 2015-11-12 FOR     B135 RUA028277 Library Block BFOR MUY 2008 B135 Or.2
2015-11-122026-05-08Library Block B 2015-11-12 FOR  22026-04-213B135 RUA028994 Library Block BFOR MUY 2008 B135 Or.3
2015-11-122023-06-14Library Block B 2015-11-12 FOR   2023-05-051B135 RUA028922 Library Block BFOR MUY 2008 B135 Or.4
2015-11-122015-11-12Library Block B 2015-11-12 FOR     B135 RUA028215 Library Block BFOR MUY 2008 B135 Or.5
2015-11-122018-08-27Library Block B 2015-11-12 FOR   2018-07-201B135 RUA028143 Library Block BFOR MUY 2008 B135 Or.6
2015-11-122015-11-12Library Block B 2015-11-12 FOR     B135 RUA027206 Library Block BFOR MUY 2008 B135 Or.7
2015-11-122015-11-12Library Block B 2015-11-12 FOR     B136 RUA027200 Library Block BFOR MUY 2008 B136 Or.8
2015-11-122026-06-16Library Block B 2015-11-12 FOR   2026-06-162B135 RUA0274882026-07-22Library Block BFOR MUY 2008 B135 Or.9
2015-11-122015-11-12Library Block B 2015-11-12 FOR     B135 RUA027477 Library Block BFOR MUY 2008 B135 Or.10
មជ្ឈមណ្ឌលឯការនៃសាកលវិទ្យាល័យភូមិន្ទកសិកម្មចំការដូង

Powered by Koha